000 00303nam a2200133Ia 4500
008 220216s9999 xx 000 0 und d
100 _aJacob J
245 0 _aRubber krishi aadayakaramakkan
260 _bRubber
_c2020
300 _a9-Jul
650 _aRubber price
700 _aChandy B
942 _cBS
999 _c49770
_d49770